Phineas and Ferb Characters Quiz Stats

 Plays Quiz Updated Feb 18, 2020

Support Sporcle.
Go Orange.
Score 0/25 Timer 06:00
0 Plays Today
Image Character % Correct
2Ferb Fletcher
98.8%
4Phineas Flynn
97.4%
3Perry the Platypus
93.4%
1Candace Flynn
89.8%
5Isabella Garcia-Shapiro
80%
6Jeremy Johnson
78.7%
11Carl the Intern
69.5%
16Vanessa Doofenshmirtz
67.2%
12Dr. Heinz Doofenshmirtz
66.8%
8Baljeet
66.3%
10Buford van Stomm
64.9%
15Stacy Hirano
64.1%
14Major Francis Monogram
61.5%
Image Character % Correct
7Linda Flynn-Fletcher
56.5%
25Norm
54.4%
20Pinky
51.3%
13Suzy Johnson
46.2%
9Lawrence Fletcher
37.2%
21Irving
28.7%
24Gretchen
25.4%
19Ginger
22.2%
21Adyson
21.6%
17Katie
16.9%
18Holly
16.4%
23Milly
15.4%

You're not logged in!

Compare scores with friends on all Sporcle quizzes.
OR
Log In

From the Vault

Numbers Reaction Test

by AuroraIllumina

For an extra challenge, play this without a numpad.
Remove Ads.
Support Sporcle.
Get the best of Sporcle when you Go Orange. This ad-free experience offers more features, more stats, and more fun while also helping to support Sporcle. Thank you for becoming a member.

Show Comments

Extras

Top Quizzes Today


Score Distribution

Your Account Isn't Verified!

In order to create a playlist on Sporcle, you need to verify the email address you used during registration. Go to your Sporcle Settings to finish the process.

Report this User

Report this user for behavior that violates our Community Guidelines.

Details: